000 00875cam a2200157 4500500
005 20260208010237.0
041 _afre
042 _adc
100 1 0 _aPichot, André
_eauthor
245 0 0 _aL’homme en tant que genre zoologique, un itinéraire
260 _c2005.
500 _a69
520 _aThis article deals with questions such as : what position has been allocated by biology to the human species and the human races in taxonomy, and how this position has evolved from the 18th century to the Second World War. Particularly, what was the status of the Jews among these classifications, and how did they consider themselves from a racial point of view.
786 0 _nRevue d’Histoire de la Shoah | 183 | 2 | 2005-10-19 | p. 159-209 | 2111-885X
856 4 1 _uhttps://shs.cairn.info/revue-d-histoire-de-la-shoah-2005-2-page-159?lang=fr&redirect-ssocas=7080
999 _c1655711
_d1655711